Sports Quiz

Random Sports Quiz

All the All-Pros: Carolina Panthers Quiz Stats

 Plays Quiz not verified by Sporcle

Challenge
Share
Tweet
Embed
Score 0/10 Timer 05:00
0 Plays Today
Times Player % Correct
2Steve Smith
99.8%
2Julius Peppers
96.2%
1Muhsin Muhammad
85.7%
1Jordan Gross
76.5%
2Kris Jenkins
70.9%
1Jon Beason
70.7%
1Sam Mills
63.8%
1Kevin Greene
61%
2Todd Sauerbrun
45.8%
1Michael Bates
28.4%

You're not logged in!

Compare scores with friends on all Sporcle quizzes.
Join for Free
OR
Log In

You Might Also Like...

Show Comments

Extras

Top Quizzes Today


Score Distribution

Your Account Isn't Verified!

In order to create a playlist on Sporcle, you need to verify the email address you used during registration. Go to your Sporcle Settings to finish the process.

Report this User

Report this user for behavior that violates our Community Guidelines.

Details: